000 00289nam a22001337a 4500
003 SGT
082 _a370
_bS10K
100 _aKAUSHIK, S.R.
245 _aSPORTS TRAINING: ITS PRINCIPLES
260 _aNEW DELHI
_bJ.B.T. PUB
_c2010
300 _a248
650 _aEDUCATION
942 _2ddc
_cBK
999 _c12103
_d12103